| 000 | 00637nam a2200217 a 4500 | ||
|---|---|---|---|
| 001 | 4711 | ||
| 003 | CDMR | ||
| 005 | 20131105162424.0 | ||
| 008 | 130130s2011||||sp |||||||||||||||||spa|d | ||
| 020 | _a9788493942601 | ||
| 040 |
_aCDMR _bcat _cCDMR |
||
| 100 | 1 |
_93249 _aBouveresse, Jaques |
|
| 245 |
_aSátira y profecía _b: las voces de Karl Kraus _cJaques Bouveresse; traducción de Laura Claravall Serra |
||
| 260 |
_aBarcelona _bEdiciones del Subsuelo _c2011 |
||
| 300 | _a219 p. | ||
| 490 | 0 | _aEnsayo | |
| 600 | 1 |
_9424 _aKraus, Karl |
|
| 650 | 0 | 4 |
_93164 _aPremsa satírica |
| 650 | 0 | 4 |
_91544 _aPeriodisme _xInfluència |
| 942 |
_cMON _2udc |
||
| 999 |
_c4711 _d4711 |
||